The complete guide to buying and selling apartment buildings (Record no. 105361)

MARC details
000 -LEADER
fixed length control field 00863cam a2200241 4500
001 - CONTROL NUMBER
control field ##L133235
008 - FIXED-LENGTH DATA ELEMENTS--GENERAL INFORMATION
fixed length control field 060421n2004 000 0 eng u
020 ## - INTERNATIONAL STANDARD BOOK NUMBER
International Standard Book Number 0471684058
035 ## - SYSTEM CONTROL NUMBER
System control number (Sirsi) u133235
041 0# - LANGUAGE CODE
Language code of text/sound track or separate title eng
050 04 - LIBRARY OF CONGRESS CALL NUMBER
Classification number 333.33 $2 18
100 1# - MAIN ENTRY--PERSONAL NAME
Personal name Berges, Steve
245 04 - TITLE STATEMENT
Title The complete guide to buying and selling apartment buildings
250 ## - EDITION STATEMENT
Edition statement 2nd ed.
260 ## - PUBLICATION, DISTRIBUTION, ETC.
Place of publication, distribution, etc. Hoboken
Name of publisher, distributor, etc. John Wiley and Sons
Date of publication, distribution, etc. 2004
300 ## - PHYSICAL DESCRIPTION
Extent xi, 308p.
Dimensions 24cm.
350 ## - PRICE (NR) (BK AM CF MU VM SE) [OBSOLETE]
Price 13.19
520 ## - SUMMARY, ETC.
Summary, etc. Discusses strategies for the successful purchase and sale of multifamily properties. Includes chapters on the location of property, financial analysis and property management, as well as case studies and a glossary.
590 ## - LOCAL NOTE (RLIN)
Local note IKA210806
651 #4 - SUBJECT ADDED ENTRY--GEOGRAPHIC NAME
Geographic name USA
690 ## - LOCAL SUBJECT ADDED ENTRY--TOPICAL TERM (OCLC, RLIN)
Topical term or geographic name as entry element PROPERTY-RESIDENTIAL PROPERTY-DOMESTIC RESIDENTIAL PROPERTY-HOUSING-FLATS
942 ## - ADDED ENTRY ELEMENTS (KOHA)
Suppress in OPAC 0
Holdings
Withdrawn status Lost status Source of classification or shelving scheme Damaged status Not for loan Home library Current library Shelving location Date acquired Cost, normal purchase price Total Checkouts Full call number Barcode Date last seen Date last checked out Copy number Cost, replacement price Price effective from Koha item type
    Dewey Decimal Classification     London London Books 21/08/2006 15.94 2 333.33 BER 30072964 06/08/2019 01/08/2017 1 15.94 06/08/2019 Book